1711 1235 1452 1968 1940 1366 1220 1557 1852 1028 1599 1488 1947 1176 1973 1171 1658 1426 1262 1603 1453 1031 1362 1567 1994 1794 1137 1432 1308 1455 1251 1963 1034 1019 1783 1499 1590 1910 1120 1166 1070 1707 1242 1293 1748 1831 1376 1908 1182 1707 1548 1201 1737 1090 1586 1972 1216 1866 1818 1008 1908 1563 1632 1694 1396 1779 1607 1082 1090 1201 1429 1333 1851 1104 1357 1232 1953 1548 1265 1399 1642 1606 1158 1592 1862 1925 1967 1937 1456 1485 1155 1077 1513 1692 1867 1441 1268 1757 1736 BCNSPRNW ULIB Ver.6.0+V

เปลี่ยนเป็นภาษาไทย

Change to English
 แสดงรายละเอียดบรรณานุกรม
  กลับหน้าหลัก

Brief Record : Get Marc (ISO 2709) : E-mail record : QR code < ปิดหน้าต่าง
LEADER : 00000nam 2200000uu 4500
001    13399112597
003     ULIB
008    110826s2550||||th 000 0 tha d
020    9741333994
020    9789741333998
050  4 HA62^bก398ส 2550
100 0  กัลยา วานิชย์บัญชา
245 10 สถิติสำหรับงานวิจัย /^cกัลยา วานิชย์บัญชา
250    พิมพ์ครั้งที่ 3
260    กรุงเทพฯ :^bภาควิชาสถิติ คณะพาณิชยศาสตร์และการบัญชี จุฬาลงกรณ์มหาวิทยาลัย,^c2550
300    320 หน้า :^bภาพประกอบ ;^c27 ซม.
500    ชื่อเรื่องรองที่ปกนอก: หลักการเลือกใช้เทคนิคทางสถิติในงานวิจัย พร้อมทั้งอธิบายผลลัพธ์ที่ได้จาก SPSS
650  4 วิจัย
650  4 วิจัย^xระเบียบวิธีทางสถิติ
650  4 วิจัย^xสถิติ
650  4 สถิติ
650  4 สถิติวิเคราะห์
650  4 สถิติศาสตร์
650  4 สังคมศาสตร์^xระเบียบวิธีทางสถิติ
650  4 เอสพีเอสเอส (โปรแกรมคอมพิวเตอร์)
710 2  จุฬาลงกรณ์มหาวิทยาลัย. ^bคณะพาณิชยศาสตร์และการบัญชี.^bภาควิชาสถิติ
945    ^p250^l0^i026969
945    ^p250^l0^i026970
995    ทศพร
999 ^a ทศพร
รายการนี้ยังไม่มีแท็ก
คุณยังไม่ได้ล็อกอิน คุณสามารถมีกิจกรรมร่วมกับเว็บไซต์ได้ แต่ต้องล็อกอินก่อน ::
  ล็อกอิน

รายการสื่อสารสนเทศ

ลำดับที่ ประเภท เลขเรียก/บาร์โค้ด สถานที่ สถานะ
- ไม่พบข้อมูล -

รายการใกล้เคียง
    ผู้แต่ง [กัลยา วานิชย์บัญชา]

    หัวเรื่อง [วิจัย]
    หัวเรื่อง [สถิติ]
    หัวเรื่อง [สถิติวิเคราะห์]
    หัวเรื่อง [สถิติศาสตร์]
    หัวเรื่อง [เอสพีเอสเอส (โปรแกรมคอมพิวเตอร์)]

BibComment


ยังไม่เคยถูกคอมเมนท์

คอมเมนท์ทรัพยากรรายการนี้
  คอมเมนท์: สถิติสำหรับงานวิจ..


 Copyright 2026. Bcnsprnw @Library